It looks like you're offline.
Open Library logo
additional options menu

MARC record from Internet Archive

LEADER: 03270cam 2200757 a 4500
001 ocn297147710
003 OCoLC
005 20181122011923.0
008 090309s2009 nyu b 000 0beng
010 $a 2009009930
040 $aDLC$beng$cDLC$dBTCTA$dYDXCP$dOEL$dIK2$dC#P$dBWX$dVP@$dIAY$dRL9$dNLGGC$dHEBIS$dCGU$dQQ3$dBDX$dOCLCF$dS3O$dRB0$dCTL$dOCL$dOCLCO$dOCLCQ$dOCLCO$dIOK$dOCLCQ$dRCL
019 $a429644963$a460355205
020 $a9780805242546
020 $a0805242546
035 $a(OCoLC)297147710$z(OCoLC)429644963$z(OCoLC)460355205
041 1 $aeng$aheb$hfre
043 $ae-fr---
050 00 $aBM755.S6$bW54 2009
060 4 $a000128357
082 04 $a296.1092$aB$222
084 $a11.24$2bcl
084 $aCmdbz Rashi$2kssb/8
100 1 $aWiesel, Elie,$d1928-2016.
240 10 $aRashi.$lEnglish
245 10 $aRashi :$ba portrait /$cElie Wiesel ; translated from the French by Catherine Temerson.
250 $a1st ed.
260 $aNew York :$bNextbook :$bSchocken,$c℗♭2009.
300 $a107 pages ;$c20 cm.
336 $atext$btxt$2rdacontent
337 $aunmediated$bn$2rdamedia
338 $avolume$bnc$2rdacarrier
490 1 $aJewish encounters
500 $aTranslation based upon an unpublished French work by Elie Wiesel.
504 $aIncludes bibliographical references in English and Hebrew.
505 0 $aImpressions -- Biblical commentaries -- Israel, the people, and the land -- Sadness and memory.
520 $aAn introduction to the life and work of Rabbi Shlomo Yitzhaki (Rashi), the biblical and Talmudic commentator of the Middle ages.
600 00 $aRashi,$d1040-1105.
600 00 $aRashi,$d1040-1105.$tPerush Rashi al ha-Torah.
600 07 $aRashi,$d1040-1105.$2fast$0(OCoLC)fst00019837
630 07 $aPerush Rashi al ha-Torah (Rashi)$2fast$0(OCoLC)fst01360547
600 07 $aRaschi.$2swd
650 0 $aJewish scholars$zFrance$zTroyes$vBiography.
650 0 $aRabbis$zFrance$zTroyes$vBiography.
651 0 $aTroyes (France)$vBiography.
650 7 $aJewish scholars.$2fast$0(OCoLC)fst00982974
650 7 $aRabbis.$2fast$0(OCoLC)fst01086311
651 7 $aFrance$zTroyes.$2fast$0(OCoLC)fst01212168
650 17 $aJodendom.$2gtt
650 7 $aRabbiner$zFrankrike$y1000-talet$vbiografi.$2sao
655 7 $aBiographies.$2fast$0(OCoLC)fst01919896
655 7 $aBiography.$2fast$0(OCoLC)fst01423686
655 7 $aBiographies.$2lcgft
830 0 $aJewish encounters.
856 41 $3Sample text$uhttp://catdir.loc.gov/catdir/enhancements/fy1002/2009009930-s.html
856 42 $3Contributor biographical information$uhttp://catdir.loc.gov/catdir/enhancements/fy1002/2009009930-b.html
856 42 $3Publisher description$uhttp://catdir.loc.gov/catdir/enhancements/fy1002/2009009930-d.html
856 42 $zAdditional Information at Google Books$uhttp://books.google.com/books?isbn=9780805242546
938 $aBrodart$bBROD$n09761284$c$22.00
938 $aBaker and Taylor$bBTCP$nBK0008131542
938 $aYBP Library Services$bYANK$n3041301
938 $aBlackwell Book Service$bBBUS$nR0801932$c$22.00
029 1 $aAU@$b000043950103
029 1 $aHEBIS$b218204183
029 1 $aNZ1$b13081796
994 $aZ0$bP4A
948 $hNO HOLDINGS IN P4A - 603 OTHER HOLDINGS